Statistics for Movies that Start with G

Click here to take the quiz!

General Stats

  • This quiz has been taken 56,226 times
    (32,951 since last reset)
  • The average score is 12 of 19

Answer Stats

DescriptionMovie% Correct
Giant mutant lizard emerges from the deep to attack TokyoGodzilla
96%
Paranormal exterminators battle a marshmallow manGhostbusters
95%
Self-centered weatherman lives the same day over and overGroundhog Day
81%
Former general becomes a slave who must battle for his life in the Roman ColosseumGladiator
80%
Italian-American college boy must take over the family crime syndicate
after his older brother is murdered
Godfather, the
78%
Billy is given a cute new pet and is specifically told not to feed it after midnightGremlins
78%
Musical 1950s teens have pajama parties, drag race, and rekindle their summer loveGrease
72%
Musclebound death row inmate has supernatural healing powersGreen Mile, the
64%
Vine-swinging jungle man has talking animal friendsGeorge of the Jungle
63%
Brilliant janitor solves impossible math problems but needs life lessons
from a psychologist
Good Will Hunting
61%
Scientist is trapped in space after her space shuttle is destroyed by space debrisGravity
57%
Bootlegger throws lavish parties at his Long Island mansion but is ruined
when his girlfriend commits vehicular manslaughter
Great Gatsby, the
55%
To win back his soul, a fiery motorcyclist must work as the Devil's bounty hunterGhost Rider
52%
Southern belle is ruined by the Civil War and left by her frank husbandGone with the Wind
52%
Punk girl with hacking skills helps a journalist unmask a Swedish serial killerGirl With the
Dragon Tattoo, the
49%
Suave secret agent must prevent a gold smuggler from contaminating the
gold in Fort Knox
Goldfinger
49%
In the 1960s, a young man is seduced by an older woman before interrupting
a wedding to run away with the bride
Graduate, the
45%
Crotchety former factory worker / firearms enthusiast gives life lessons
to a Hmong youth in urban Detroit
Gran Torino
28%
In the future, genetic engineering is common and a man can't be an astronaut
because he has crappy genes
Gattaca
23%

Score Distribution

Percentile by Number Answered

Percent of People with Each Score

Your Score History

You have not taken this quiz since the last reset